Top 10 ballon d'or 2016. - Statistiques

Statistiques générales
  • Ce quiz a été pris 286 fois
  • Le résultat moyen est 8 sur 10
Statistiques - réponses
% Joueurs Clubs % Correct
47.9 Cristiano Ronaldo Real
100%
20.3 Lionel Messi Barca
100%
12.7 Antoine Griezmann Atletico
99%
5.8 Luis Suarez Barca
91%
4.4 Neymar Barca
91%
0.7 Jamie Vardy Leicester
88%
3.9 Gareth Bale Real
87%
1.3 Riyad Mahrez Leicester
81%
0.5 Gianluigi Buffon Juve
62%
0.5 Pepe Real
38%
Aucun quiz correspondant
Distribution des résultats
% des personnes avec chaque résultat
Percentile par nombre de réponses
Votre historique - résultats
Vous n’avez pas pris ce quiz